000 00500nam a2200181Ia 4500
999 _c14068
_d14068
003 OSt
005 20201209151646.0
008 190216s9999||||xx |||||||||||||| ||und||
020 _a9780006547556
040 _coclc
082 _a823.912
_bWOO/M
100 _aWolf, Virginia
_96085
245 0 _aMrs Dalloway /
_cVirginia Woolf
260 _bFlamingo,
_c1972.
_aLondon:
300 _a207p
650 _aEnglish Literature
942 _cBK
_2ddc
_h823.912
_iWOO/M
_k823.912
_mWOO/M